Formula one drivers line-up 2017 - Statistics

General Stats
  • This quiz has been taken 174 times
  • The average score is 21 of 26
Answer Stats
Constructor Rounds Driver Nationality % Correct
Mercedes All Lewis Hamilton UK
94%
Ferrari All Sebastian Vettel Germany
93%
Ferrari All Kimi Räikkönen Finland
89%
Red Bull All Max Verstappen Netherlands
89%
Force India All Sergio Pérez Mexico
88%
Mercedes All Valtteri Bottas Finland
88%
Red Bull All Daniel Ricciardo Australia
87%
Force India All Esteban Ocon France
87%
McLaren 1-5, 7-20 Fernando Alonso Spain
87%
Haas All Kevin Magnussen Denmark
87%
Renault All Nico Hülkenberg Germany
86%
Toro Rosso 15-16, 18-20 Pierre Gasly France
86%
Renault 17-20 Carlos Sainz Jr. Spain
85%
Toro Rosso 1-16 Carlos Sainz Jr. Spain
85%
Haas All Romain Grosjean France
85%
Toro Rosso 1-14, 17 Daniil Kvyat Russia
84%
Williams All* Felipe Massa Brazil
82%
Williams All Lance Stroll Canada
82%
McLaren All Stoffel Vandoorne Belgium
78%
McLaren 6 Jenson Button UK
77%
Sauber All Marcus Ericsson Sweden
76%
Sauber 1-2 Antonio Giovinazzi Italy
74%
Toro Rosso 17-20 Brendon Hartley New Zealand
73%
Renault 1-16 Jolyon Palmer UK
70%
Sauber 1, 3-20* Pascal Wehrlein Germany
65%
Williams 11 Paul di Resta UK
59%
No matching quizzes found
Score Distribution
Percent of People with Each Score
Percentile by Number Answered
Your Score History
You have not taken this quiz